000 00318nam a22001217a 4500
999 _c7681
_d7681
008 190227b ||||| |||| 00| 0 eng d
100 _aTobgay, Tshering
245 _aJouranl of the Bhutan Ecological Society.
260 _aThimphu ;
_c2018.
300 _a100 p.
_bill.
_c25 cm.
700 _aWangmo, Kuenga
942 _2ddc